000
00283nam a2200109Ia 4500
008
220216s9999 xx 000 0 und d
100
_a
Salim Kumar P G
245
0
_a
Rubber paal sombaranathilum vipananathilum sredhikanere
260
_b
Rubber
_c
2013
300
_a
11-Jun
942
_c
JS
999
_c
67855
_d
67855